Constitutiones Gregorii PP. XV et Benedicti XIV contra sacerdotes in confessionibus sacramentalibus poenitentes ad turpia sollicitantes necnon ejusdem Benedicti Papae XIV litterae adversus confessarios exquirentes à poenitentibus complicum nomina juxtà exemplar Romae impressum

Detalles Bibliográficos
Autor principal: Benedicto XIV, papa (1675-1758)
Formato: Libro
Lenguaje:Undetermined
Latin
Publicado: Lovanii : typis L.J. Urban, 1746.
Materias:
Colección:Banco de datos
Acervo:Biblioteca Palafoxiana. Colección bibliográfica
Descripción Física:40 p. ; 4°
Tema general:Pontífices
Notas:Número de localización: 12187-B
LEADER 00794nam a2200181Ia 4500
008 150723s9999 xx 000 0 und d
041 0 |a lat 
050 0 |a PAFX BJ1239 T7 
100 1 |a Benedicto XIV, papa (1675-1758) 
245 1 0 |a Constitutiones Gregorii PP. XV et Benedicti XIV contra sacerdotes in confessionibus sacramentalibus poenitentes ad turpia sollicitantes necnon ejusdem Benedicti Papae XIV litterae adversus confessarios exquirentes à poenitentibus complicum nomina juxtà exemplar Romae impressum 
260 |a Lovanii : typis L.J. Urban, 1746. 
300 |a 40 p. ; 4° 
500 |a Número de localización: 12187-B 
501 |a Encuadernado con 2 obras 
650 1 0 |a Pontífices 
942 |c PALALIB 
943 |g Biblioteca Palafoxiana. Colección bibliográfica 
999 |c 1057556  |d 1057556